Principios básicos de Química (Registro nro. 75961)

Detalles MARC
000 -LEADER
campo de control de longitud fija 00614nam a2200181 i 4500
001 - NÚMERO DE CONTROL
campo de control 75961
003 - IDENTIFICADOR DE NÚMERO DE CONTROL
campo de control ES-MaACL
005 - FECHA Y HORA DE LA ÚLTIMA TRANSACCIÓN
campo de control 20230906172654.0
007 - CAMPO FIJO DE DESCRIPCIÓN FÍSICA--INFORMACIÓN GENERAL
campo de control de longitud fija t|
008 - DATOS DE LONGITUD FIJA--INFORMACIÓN GENERAL
campo de control de longitud fija 040928s1971 sp ||||1| spa d
100 1# - ENTRADA PRINCIPAL--NOMBRE DE PERSONA
Nombre de persona Gray, Harry B.
9 (RLIN) 59797
245 10 - MENCIÓN DEL TÍTULO
Título Principios básicos de Química
Resto del título : guía para el profesor /
Mención de responsabilidad, etc. Harry B. Gray, Gilbert P. Haight ; [traducida por Juan Mª Salietti Vinué].
260 ## - PUBLICACIÓN, DISTRIBUCIÓN, ETC.
Lugar de publicación, distribución, etc. Barcelona :
Nombre del editor, distribuidor, etc. Reverté,
Fecha de publicación, distribución, etc. 1971.
300 ## - DESCRIPCIÓN FÍSICA
Extensión IX p., 276 p. ;
Dimensiones 22 cm.
700 1# - ENTRADA AGREGADA--NOMBRE PERSONAL
Nombre de persona Haight, Gilbert P.
9 (RLIN) 61487
700 1# - ENTRADA AGREGADA--NOMBRE PERSONAL
Nombre de persona Salietti Vinué, Juan María.
9 (RLIN) 101923
852 ## - LOCALIZACIÓN
Ubicación ES-MaACL
Número de control de estantería C-45605
Sublocalización o colección R.77912
Existencias
Estatus retirado Estado de pérdida Estado de daño No para préstamo Biblioteca de origen Biblioteca actual Ubicación en estantería Fecha de adquisición Fuente de adquisición Total de préstamos Signatura topográfica completa Código de barras Visto por última vez Precio de reemplazo Tipo de ítem Koha
        Biblioteca del Ateneo de Madrid Biblioteca del Ateneo de Madrid Depósito 2 17/01/2008     C-45605 1079500 23/02/2023 23/02/2023 Libro impreso